000
00208nam a2200085Ia 4500
008
120527s9999 xx 000 0 und d
100
_a
Davis, Rusell
245
_a
An intriduction to Psychopathology
942
_c
BK
999
_c
27616
_d
27616